Statistiques concernant They Shoot Pictures, Don't They? - films 561 à 580

Cliquez ici pour prendre le quiz!

Statistiques générales

  • Ce quiz a été pris 25 fois
  • Le résultat moyen est 8 sur 20

Statistiques - réponses

Réponse% Correct
Seven
100%
Easy Rider
90%
WALL-E
90%
Forrest Gump
86%
La Mélodie du bonheur
62%
Tigre et dragon
57%
The French Connection
52%
Kagemusha
48%
Butch Cassidy et le Kid
29%
Laura
29%
Vers sa destinée
29%
Le Testament du docteur Mabuse
24%
Cet obscur objet du désir
19%
L'Ombre d'un doute
19%
Le Silence
14%
Une nuit à l'opéra
14%
Le Conte des contes
10%
La Prise de pouvoir par Louis XIV
5%
Ninotchka
5%
Derrière le miroir
0%

Distribution des résultats

Percentile par nombre de réponses

% des personnes avec chaque résultat

Votre développement - résultats

Vous n’avez pas pris ce quiz